[Event "73rd RUS-ch Higher League 2020"]
[Site "Sochi"]
[Date "2020.10.15"]
[Round "7.13"]
[White "Khismatullin, Denis"]
[Black "Murzin, Volodar"]
[Result "1/2-1/2"]
[WhiteElo "2604"]
[BlackElo "2465"]
[Annotator "RC"]
[PlyCount "94"]
[EventDate "2020.10.08"]
[EventType "swiss"]
[EventCountry "RUS"]
[SourceTitle "playchess.com"]
[Source "ChessBase"]
[SourceQuality "1"]
[TimeControl "40/5400+30:1800+30"]

1. c4 {[%emt 0:04:34]} Nf6 {[%emt 0:00:00]} 2. Nc3 {[%emt 0:00:24]} g6 {[%emt 0:00:00]} 3. e4 {[%emt 0:00:55]} d6 {[%emt 0:00:04]} 4. d4 {[%emt 0:00:05]} Bg7 {[%emt 0:00:03]} 5. Be2 {[%emt 0:05:19]} O-O {[%emt 0:00:26]} 6. Nf3 {[%emt 0:00:04]} e5 {[%emt 0:00:28]} 7. O-O {[%emt 0:00:08]} Nc6 {[%emt 0:00:06]} 8. d5 {[%emt 0:00:08]} Ne7 {[%emt 0:00:09]} 9. b4 {[%emt 0:00:18]} Nh5 {[%emt 0:01:26]} 10. Re1 {[%emt 0:01:41]} f5 {[%emt 0:00:30]} 11. a4 {[%emt 0:07:16]} Nf6 {[%emt 0:11:59]} 12. a5 {[%emt 0:09:05]} c6 {[%emt 0:01:38]} 13. dxc6 {[%emt 0:11:59]} bxc6 {[%emt 0:04:07]} 14. b5 {[%emt 0:19:06]} fxe4 {[%emt 0:10:50]} 15. Ng5 {[%emt 0:01:03]} cxb5 {[%emt 0:11:14]} 16. Ncxe4 {[%emt 0:05:44]} Nxe4 {[%emt 0:08:52]} 17. Nxe4 {[%emt 0:00:14]} b4 {[%emt 0:00:35]} 18. Nxd6 {[%emt 0:16:44]} Be6 {[%emt 0:05:04]} 19. Bf3 {[%emt 0:04:29]} Rb8 {[%emt 0:01:54]} 20. Bb2 {[%emt 0:00:47]} Rxf3 {[%emt 0:01:21]} 21. gxf3 {[%emt 0:00:50]} Nc6 {[%emt 0:00:10]} 22. f4 {[%emt 0:02:39]} Qe7 {[%emt 0:03:35]} 23. f5 {[%emt 0:06:16]} gxf5 {[%emt 0:00:17]} 24. f3 {[%emt 0:01:29]} Kh8 {[%emt 0:01:14]} 25. Kh1 {[%emt 0:00:07]} Rd8 {[%emt 0:03:13]} 26. c5 {[%emt 0:00:05]} Qh4 {[%emt 0:01:06]} 27. Qe2 {[%emt 0:01:22]} Bf6 {[%emt 0:01:43]} 28. Rad1 {[%emt 0:00:08]} b3 {[%emt 0:09:20]} 29. Rg1 {[%emt 0:00:45]} Qf4 {[%emt 0:03:19]} 30. Rg3 {[%emt 0:00:32]} Rg8 {[%emt 0:04:03]} 31. Rdg1 {[%emt 0:00:25]} Rxg3 {[%emt 0:00:09]} 32. Rxg3 {[%emt 0:00:06]} Bd5 {[%emt 0:03:14]} 33. Qd3 {[%emt 0:00:39]} Nd4 {[%emt 0:03:07]} 34. c6 {[%emt 0:00:52]} Bd8 {[%emt 0:00:16]} 35. Nxf5 {[%emt 0:00:38]} Bxf3+ {[%emt 0:01:34]} 36. Rxf3 {[%emt 0:00:18]} Qxf3+ {[%emt 0:00:10]} 37. Qxf3 {[%emt 0:00:06]} Nxf3 {[%emt 0:00:04]} 38. a6 {[%emt 0:00:55]} Nd4 {[%emt 0:00:45]} 39. Nxd4 {[%emt 0:00:32]} exd4 {[%emt 0:00:06]} 40. Kg2 {[%emt 0:00:00]} Kg8 {[%emt 0:00:00]} 41. Kf3 {[%emt 0:01:08]} Kf7 {[%emt 0:00:39]} 42. Bxd4 {[%emt 0:11:35]} Ke6 {[%emt 0:00:35]} 43. Ke4 {[%emt 0:00:21]} Bb6 {[%emt 0:01:32]} 44. Be5 {[%emt 0:00:48]} Bc7 {[%emt 0:00:27]} 45. Bd4 {[%emt 0:00:08]} Bb6 {[%emt 0:01:17]} 46. Be5 {[%emt 0:00:21]} Bc7 {[%emt 0:00:05]} 47. Bd4 {[%emt 0:00:06]} Bb6 {[%emt 0:00:08]} 1/2-1/2

[Event "73rd RUS-ch Higher League 2020"]
[Site "Sochi"]
[Date "2020.10.15"]
[Round "7.14"]
[White "Obgolts, Erik"]
[Black "Yuffa, Daniil"]
[Result "0-1"]
[WhiteElo "2376"]
[BlackElo "2583"]
[Annotator "TA"]
[PlyCount "136"]
[EventDate "2020.10.08"]
[EventType "swiss"]
[EventCountry "RUS"]
[SourceTitle "playchess.com"]
[Source "ChessBase"]
[SourceQuality "1"]

{[%evp 13,136,18,22,16,14,18,23,0,7,0,12,0,0,0,8,0,37,6,10,6,22,22,20,-9,-10,-7,-16,-12,0,-22,-5,-5,-4,-5,-18,-15,-10,-2,0,-18,-14,-32,-22,-41,-41,-44,-45,-55,-54,-68,-47,-58,-60,-59,-47,-105,-105,-98,-81,-113,0,-77,-47,-73,-62,-83,-90,-134,-139,-132,-32,-32,-6,-20,-24,-57,-18,-105,-77,-135,-124,-127,-129,-179,-179,-118,-118,-118,-118,-239,-217,-683,-670,-688,-693,-674,-665,-617,-631,-543,-460,-659,-661,-646,-566,-625,-566,-910,-937,-2292,-1876,-29963,-29959,-29977,-29977,-29977,-29978,-29978,-29978,-29977,-29976,-29976,-29976,-29974,-29972]} 1. e4 c5 2. Nf3 d6 3. Bb5+ Nd7 4. d4 cxd4 5. Qxd4 a6 6. Bxd7+ Bxd7 7. Nc3 e5 8. Qd3 {B51: Sicilian: Moscow Variation (3 Bb5+) without 3...Bd7.} Rc8 $1 {[%mdl 4] is recently more successful than 8...h6. Played by Anish Giri in August 2020.} 9. O-O h6 10. a4 {White has an edge.} Nf6 11. Rd1 Be7 12. Nd2 Be6 13. Nf1 Rc4 14. Be3 {[#]} Qc8 $146 ({Predecessor:} 14... Qa5 15. Ra3 O-O 16. Rb3 Rb4 17. Rxb4 Qxb4 18. Bc1 Rc8 19. Ne3 Bf8 20. f3 Bd7 {0-1 (34) Jahedi,M (2168)-Sanikidze,T (2515) Hamedan 2019}) 15. f3 O-O 16. Bf2 Rd8 {Threatens to win with ...d5.} 17. Ne3 Rb4 18. Rab1 Rd7 19. Qd2 Bd8 20. Qe2 Rd4 21. Ned5 Nxd5 22. exd5 Rxd1+ 23. Rxd1 Bf5 24. Ne4 Ba5 25. c4 Qd8 26. b3 Bg6 27. g4 Bb4 28. Be3 f5 29. gxf5 Bxf5 30. Qg2 Kh8 31. Kh1 Qf8 32. Rf1 Rf7 {...Bxe4 is the strong threat.} 33. Kg1 Bd7 34. Qe2 (34. Bb6 $15) 34... Bh3 $1 $17 {[%cal Rh3f1]} 35. Rf2 Qd8 36. Bd2 Ba3 ({Black should try} 36... Bxd2 $17 37. Qxd2 Rf4) 37. Qe3 (37. a5 $11) 37... Bf5 (37... Bb2 $5 {[%cal Rb2d4]} 38. Qd3 Bd4 $15) 38. b4 Bb2 {White must now prevent ...Bd4.} 39. Bc3 Bxc3 40. Nxc3 a5 $1 41. bxa5 Qxa5 ({Black should play} 41... Rc7 $17 42. f4 e4) 42. f4 $15 Re7 (42... e4 $5) 43. c5 Qd8 44. cxd6 Qxd6 45. fxe5 (45. h3 $11 {remains equal.}) 45... Rxe5 $17 46. Qf3 (46. Qg3 $142) 46... Kh7 {And now ...Qc5 would win.} 47. Re2 Qg6+ 48. Qg3 {[#]} Qxg3+ $1 49. hxg3 Rxe2 50. Nxe2 $19 {[%mdl 4096] Endgame KB-KN} Kg6 51. Kf2 {[#] Now White is beyond hope.} (51. Nd4 $17 {is the only way for White.}) 51... Kf6 $1 52. Ke3 $2 (52. Nc3) 52... Ke5 53. Nc3 b6 54. d6 Kxd6 55. Kd4 {intending Nd5.} Be6 56. Nb5+ Kc6 57. Ke5 (57. Na7+ $142 Kd7 58. Kc3) 57... Bd7 58. Kd4 h5 59. Na3 Be6 60. Ke5 Bb3 61. Kf5 Bxa4 62. Kg6 Bd1 {Black mates.} 63. Kxg7 Kc5 64. Kf6 b5 {[%cal Bb6b5,Bb5b4,Bb4b3][%mdl 32]} 65. Ke5 b4 66. Nb1 Kc4 67. Nd2+ Kd3 68. Ne4 b3 {Av CentiPawn Loss W=-62/B=-18. Weighted=-49/-14} 0-1

[Event "73rd RUS-ch Higher League 2020"]
[Site "Sochi"]
[Date "2020.10.15"]
[Round "7.15"]
[White "Ovchinnikov, Vsevolod"]
[Black "Rozum, Ivan"]
[Result "1/2-1/2"]
[WhiteElo "2349"]
[BlackElo "2566"]
[Annotator "TA"]
[PlyCount "81"]
[EventDate "2020.10.08"]
[EventType "swiss"]
[EventCountry "RUS"]
[SourceTitle "playchess.com"]
[Source "ChessBase"]
[SourceQuality "1"]

{[%evp 9,81,48,43,41,70,33,72,45,50,45,47,3,14,12,92,102,83,59,56,24,35,-10,-8,-26,0,-28,-31,-37,-23,-52,-55,-85,-41,-35,-33,-27,-22,-31,59,64,48,64,109,118,120,130,125,90,122,115,116,0,0,0,121,114,138,39,54,0,0,0,0,0,26,0,11,0,0,0,0,0,0,0]} 1. d4 g6 2. c4 Bg7 3. Nf3 d6 4. Nc3 Nc6 5. g3 Bg4 6. Bg2 {A41: 1 d4 d6: Tartakower System and Modern Defence.} Qc8 {Black wants to play ...Bxf3.} 7. Be3 e5 8. d5 {White is better.} Nce7 9. c5 {[#]} Nf6 $146 ({Predecessor:} 9... Nf5 10. Qa4+ Qd7 11. Qxg4 {1-0 (11) Strauss,D (2395)-Hanken,J (2225) Los Angeles 1991}) 10. Nd2 Bh3 11. Qa4+ Kf8 (11... Bd7 $1 $11 {remains equal.} 12. Qa3 Nf5) 12. Bxh3 $16 Qxh3 13. cxd6 cxd6 14. Qb4 (14. Qa3 {looks sharper.} Nfxd5 15. Qxd6 Qe6 16. Qxe6 fxe6 17. Bc5) 14... Qd7 15. Qb3 Nf5 16. Nc4 Nxe3 17. Nxe3 Bh6 18. Nc4 Kg7 19. h3 Rhc8 20. e3 Rc5 21. Nd2 Rac8 22. a4 b6 23. Rd1 Qf5 (23... Ne8 $15) 24. g4 $1 $14 {[%cal Rg4f5]} Qd7 $1 25. Rg1 $1 Kh8 26. g5 Bxg5 27. Rxg5 Qxh3 28. Ke2 h6 29. Rg3 Qh5+ {[#]} 30. Ke1 (30. Kf1 $1 $16) 30... Qh1+ $11 31. Ke2 (31. Nf1 $11) 31... Qh5+ $16 {[#]} 32. Kf1 $1 Nxd5 33. Nxd5 ({White should play} 33. Nde4 $16 Nxc3 34. Nxc3) 33... Rxd5 $14 34. Kg2 (34. Ke1 $14 Qh1+ 35. Ke2 Qh5+ 36. Ke1 Qh1+ 37. Ke2 Qh5+ 38. Nf3 Rxd1 39. Qxd1) 34... e4 35. Rh1 Qf5 36. Nb1 ({Not} 36. Qb4 $2 Rc2 $19) 36... Kg7 {next ...Rd3 is good for Black.} 37. Rd1 Rd3 $1 {[%cal Rd3b3] The position is equal.} 38. Rxd3 exd3 39. Nc3 {Strongly threatening e4.} d5 $1 40. Qd1 Rc4 41. Qf3 {Av CentiPawn Loss W=-13/B=-16. Weighted=-11/-18} 1/2-1/2

[Event "73rd RUS-ch Higher League 2020"]
[Site "Sochi"]
[Date "2020.10.15"]
[Round "7.16"]
[White "Lintchevski, Daniil"]
[Black "Gaifullin, Artur"]
[Result "1/2-1/2"]
[WhiteElo "2559"]
[BlackElo "2440"]
[Annotator "TA"]
[PlyCount "138"]
[EventDate "2020.10.08"]
[EventType "swiss"]
[EventCountry "RUS"]
[SourceTitle "playchess.com"]
[Source "ChessBase"]
[SourceQuality "1"]

{[%evp 9,138,0,6,8,10,10,12,9,11,8,6,8,0,0,20,12,18,9,13,0,39,36,36,36,36,35,44,34,35,37,55,36,56,27,40,0,0,0,0,0,0,0,0,0,0,0,87,87,87,87,89,112,124,116,106,-8,0,0,0,11,47,12,52,40,69,5,122,122,122,122,122,122,122,122,123,115,137,115,124,166,279,245,188,187,207,224,241,175,316,311,325,161,173,110,417,421,362,351,345,153,153,111,179,166,179,0,0,0,181,70,75,76,80,0,0,0,0,0,0,0,0,0,0,0,0,0,0,0,0,0,0]} 1. e4 e5 2. Nf3 Nc6 3. Nc3 Nf6 4. h3 Bb4 5. Nd5 Nxd5 6. exd5 {C47: Scotch Four Knights and Four Knights with 4 g3.} e4 7. dxc6 exf3 8. Qxf3 dxc6 {[#]} 9. c3 $146 ({Predecessor:} 9. Bc4 Qe7+ 10. Qe3 Bc5 11. Qxe7+ Kxe7 12. O-O Re8 13. Re1+ Kf8 14. Rxe8+ Kxe8 15. c3 {½-½ (49) Yankelevich,L (2383)-Kvetny,M (2367) Willingen 2015}) 9... Bd6 10. d4 Be6 11. Bd3 Qd7 12. O-O O-O-O 13. Re1 Kb8 14. Bg5 f6 15. Bf4 Bxf4 16. Qxf4 Qf7 17. Re3 Rde8 18. b3 g5 19. Qg3 h5 20. Rae1 a5 21. Qf3 Bc8 22. Rxe8 Rxe8 23. Rxe8 Qxe8 24. Qxf6 Qe1+ 25. Bf1 g4 26. h4 $36 {[%mdl 2048] White has the initiative.} Qxc3 27. Qe5 b6 (27... Qa1 $11 {remains equal.}) 28. Qxh5 $16 Qxd4 29. Qg6 Qa1 {White must now prevent ...Ba6.} 30. Qd3 ({Don't blunder} 30. Qxc6 $2 Ba6 $19) 30... Qe5 31. Qe2 Qd4 32. h5 (32. g3 $16) 32... g3 33. Qf3 Bg4 34. Qf8+ Kb7 35. h6 gxf2+ 36. Qxf2 Qe4 37. g3 ({Better is} 37. Qd2 $14) 37... Qg6 (37... Be6 $11 {keeps the balance.}) 38. Qf4 $1 Be6 39. Qe3 $1 {Hoping for h7!} Bf5 40. Bg2 Qd6 41. Kh2 Bh7 42. Qf4 Qg6 43. g4 Qc2 44. g5 b5 (44... Qe2 {was called for.} 45. Kg3 Qe1+ 46. Kg4 Qe6+ 47. Kf3 Qe1) 45. Qe5 $1 $18 {[%cal Re5b5] Strongly threatening Qxb5+.} Kb6 46. Qe3+ Kb7 47. Kg3 b4 48. Bf3 Bg6 (48... Bd3 $142 49. Qe5 Qc3) 49. Qe6 Kb6 50. Qe5 (50. Qe2 $142 Qc1 51. Qe5) 50... Qc1 51. Kf2 (51. Qd4+ $18 Kb7 52. Kg4) 51... Qc2+ $2 {[%mdl 8192]} (51... Qd2+ $16 {is tougher.} 52. Kg3 Bb1) 52. Qe2 $1 {[%cal Re2c2] Threatens to win with Qxc2.} Qf5 53. Qc4 Qd7 54. Qf4 (54. Kg3 $18) 54... Kb7 $16 55. Qe3 Qf5 (55... Qd6 $16 56. Kg2 Bf5) 56. Qc1 Be8 {[#]} 57. Kg2 $2 (57. Kg3 $1 $18) 57... Bd7 $11 58. Kf2 $2 (58. Qe3 $11 Qh3+ 59. Kg1 Qg3+ 60. Kf1 Qh3+ 61. Kf2 Qh4+ 62. Kf1 Qh3+ 63. Kf2 Qh4+ 64. Kf1 Qh3+) 58... Be8 $1 $18 {[#]} 59. Qc4 (59. Kg3 $1 $18) 59... Qxg5 $14 60. h7 Qe5 {next ...Qh2+ is good for Black.} 61. Qg8 (61. Qh4 $16 Qb2+ 62. Be2) 61... Qd4+ $11 {The position is equal.} 62. Kg3 Qg1+ 63. Kf4 Qd4+ 64. Be4 Qf2+ 65. Kg5 Qe3+ 66. Kf6 Qd4+ 67. Kg5 Qe3+ 68. Kf6 Qd4+ 69. Kg5 Qe3+ {Black defended with fortune. Av CentiPawn Loss W=-16/B=-20. Weighted=-17/-30} 1/2-1/2

[Event "73rd RUS-ch Higher League 2020"]
[Site "Sochi"]
[Date "2020.10.15"]
[Round "7.17"]
[White "Iljiushenok, Ilia"]
[Black "Stukan, Martin"]
[Result "1/2-1/2"]
[WhiteElo "2515"]
[BlackElo "2316"]
[Annotator "TA"]
[PlyCount "116"]
[EventDate "2020.10.08"]
[EventType "swiss"]
[EventCountry "RUS"]
[SourceTitle "playchess.com"]
[Source "ChessBase"]
[SourceQuality "1"]

{[%evp 15,116,15,13,8,20,2,33,40,32,29,47,32,30,36,36,-4,20,20,37,28,29,12,41,12,23,20,18,23,23,23,23,14,16,14,46,-9,0,-6,0,-27,31,60,74,73,68,60,66,10,33,39,31,30,90,53,38,31,33,30,27,25,25,0,8,8,8,8,8,8,8,8,8,8,8,8,8,8,8,8,8,8,8,8,8,8,8,0,8,8,8,8,8,8,8,8,8,0,0,0,8,0,0,0,8]} 1. e4 c5 2. Nf3 d6 3. d4 cxd4 4. Nxd4 Nf6 5. Nc3 a6 6. Bd3 e5 7. Nde2 Be7 8. O-O O-O 9. Ng3 {B90: Sicilian Najdorf: Unusual White 6th moves, 6 Be3 Ng4 and 6 Be3 e5.} g6 10. Bc4 Nbd7 (10... Be6 $5 {[%cal Re6c4]} 11. Nd5 Bxd5 12. Bxd5 (12. exd5 h5 $11) 12... Nxd5 13. Qxd5 Nc6 $11) 11. Bh6 {White is slightly better.} Re8 12. Nd5 {[#]} Bf8 $146 ({Predecessor:} 12... b5 13. Bb3 Nc5 14. Nxe7+ Qxe7 15. Bg5 Be6 16. Qf3 Kg7 17. Rad1 Nxb3 18. cxb3 Rad8 {1-0 (36) Palladino,M (1968)-Almarza Mato,C (2073) ICCF email 2013}) 13. Be3 b5 14. Bb3 Bb7 15. c3 Bg7 16. a4 bxa4 17. Rxa4 Bc6 18. Ra2 Qb8 19. Bc4 a5 20. Qd3 Bxd5 21. Bxd5 Nxd5 22. Qxd5 Nf6 23. Qd3 Qb3 24. Rfa1 d5 25. f3 (25. Rxa5 $14 dxe4 26. Qd2 Rxa5 27. Rxa5) 25... h5 26. Bg5 Nh7 27. h4 Bf6 (27... Nxg5 $11 28. hxg5 d4) 28. exd5 $14 {Ne4 is the strong threat.} Nxg5 29. hxg5 Bxg5 30. Ne4 Be7 31. Kh1 (31. Kh2 $14) 31... Qb6 32. b4 {[%cal Ra2a5]} f5 $1 {[%cal Rf5e4]} 33. bxa5 Qa6 (33... Qd8 $11) 34. Qxa6 (34. Nf2 {is more complex.} Qf6 35. a6 Bc5 36. a7 e4 37. Qc4) 34... Rxa6 35. Nf2 Rc8 36. Nd3 Rxc3 37. Nxe5 Bd6 $1 {[%cal Rd6e5]} 38. Re2 Rc5 {The position is equal.} 39. Nxg6 Raxa5 40. Ne7+ Bxe7 41. Rxa5 Rxa5 42. Rxe7 {And now d6 would win.} Rxd5 $11 {[%mdl 4096] Endgame KR-KR} 43. Kh2 f4 44. Kh3 Rf5 45. Kh4 Kh8 46. Ra7 Kg8 47. Kh3 Kf8 48. Rb7 Kg8 49. Kh4 Kh8 50. Kh3 Kg8 51. Kh2 Kf8 52. Kg1 Kg8 53. Kf2 Re5 54. Ra7 Rg5 55. Ra4 Rf5 $1 56. Ke2 Rg5 57. Kf2 Rf5 $1 58. Ra7 Re5 {Av CentiPawn Loss W=-6/B=-7. Weighted=-7/-9} 1/2-1/2

[Event "73rd RUS-ch Higher League 2020"]
[Site "Sochi"]
[Date "2020.10.15"]
[Round "7.18"]
[White "Lugovskoy, Maxim"]
[Black "Sarana, Alexey"]
[Result "0-1"]
[WhiteElo "2420"]
[BlackElo "2657"]
[Annotator "TA"]
[PlyCount "90"]
[EventDate "2020.10.08"]
[EventType "swiss"]
[EventCountry "RUS"]
[SourceTitle "playchess.com"]
[Source "ChessBase"]
[SourceQuality "1"]

{[%evp 14,90,45,26,29,18,55,0,0,-16,1,-14,0,0,0,0,0,0,8,0,0,-28,0,0,0,0,0,-42,-25,-86,-86,-85,-79,-80,-76,-73,-57,-152,-142,-148,0,-225,-225,-222,-187,-247,-186,-193,-194,-199,-177,-224,-175,-416,-405,-414,-372,-365,-245,-276,-264,-660,-663,-837,-648,-822,-815,-1196,-1176,-1855,-1798,-29983,-29984,-29986,-29987,-29988,-29989,-29989,-29986]} 1. e4 d6 2. d4 g6 3. Nc3 Bg7 4. Nf3 Nf6 5. Be2 O-O 6. O-O c6 {6...a6 is the hot move. Played by Peter Svidler in May 2020.} 7. Bg5 Qc7 8. h3 e5 {B08: Pirc Defence: Classical System.} 9. Qd2 Re8 10. Rfe1 (10. d5 $14) 10... Nbd7 {The position is equal.} 11. Bf1 b5 12. a3 {[#]} Bb7 $146 ({Predecessor:} 12... a6 13. Rad1 Bf8 14. Bh4 Bb7 15. dxe5 dxe5 16. Nh2 Bc8 17. Be2 a5 18. Bf3 Re6 {0-1 (68) Abramova,Y (2011)-Chekhov,S (2273) Voronezh 2008}) 13. d5 a6 14. dxc6 Bxc6 15. Rad1 Bf8 16. Bh6 Be7 17. a4 {[%cal Ra4b5]} bxa4 18. Bc4 Nb6 19. Ba2 Red8 20. Ng5 Be8 $1 21. Qd3 (21. Qc1 $11) 21... Bf8 $17 22. Bxf8 Kxf8 23. Re3 Kg7 24. Nf3 Bc6 25. Ng5 ({Better is} 25. Qd2 $15) 25... d5 $1 26. exd5 Nbxd5 (26... Bxd5 $17 27. Bxd5 Nbxd5 28. Nxd5 Rxd5) 27. Ree1 $2 (27. Nxf7 $1 $11 Kxf7 28. Rde1) 27... Nb4 $19 28. Qc4 Nxa2 ({Weaker is} 28... Nxc2 29. Nxf7 Nxe1 30. Rxd8 $11 (30. Nxd8 Rxd8 31. Rxd8 Qxd8 $11)) 29. Nxa2 (29. Rxd8 $142 Rxd8 30. Nxa2) 29... Qb7 30. Rxd8 Rxd8 31. Nc3 {and if Nxf7 works, White does fine.} Rc8 ({Less strong is} 31... Bxg2 {[#]} 32. Qxf7+ $1 {[%mdl 512]} Qxf7 33. Nxf7 $15) 32. Rxe5 h6 ({Resist} 32... Bxg2 33. Qxf7+ Qxf7 34. Nxf7 $17) 33. h4 $2 (33. Nxf7 {was necessary.} Qxf7 34. Qxa6) 33... hxg5 34. hxg5 Nh7 35. Rc5 Bd7 36. Qd4+ Kg8 {[#] aiming for ...Rxc5.} 37. Nd5 $2 (37. Ne4 Rb8 38. Rd5) 37... Rxc5 38. Ne7+ Kf8 39. Qxc5 {intending Nf5+.} Qxb2 40. Qd6 a3 {[%cal Ba4a3,Ba3a2][%mdl 32] ...a2 is the strong threat.} 41. Kh2 a2 42. c3 Qxf2 {Black mates.} 43. Nf5+ Kg8 44. Ne7+ Kg7 45. Qe5+ Kf8 {Av CentiPawn Loss W=-96/B=-20. Weighted=-161/-19} 0-1

[Event "73rd RUS-ch Higher League 2020"]
[Site "Sochi"]
[Date "2020.10.15"]
[Round "7.20"]
[White "Belyakov, Bogdan"]
[Black "Makarian, Rudik"]
[Result "1/2-1/2"]
[WhiteElo "2458"]
[BlackElo "2441"]
[Annotator "TA"]
[PlyCount "80"]
[EventDate "2020.10.08"]
[EventType "swiss"]
[EventCountry "RUS"]
[SourceTitle "playchess.com"]
[Source "ChessBase"]
[SourceQuality "1"]

{[%evp 9,80,0,0,10,8,11,12,24,35,6,9,8,14,13,39,12,18,15,34,26,25,33,33,16,43,37,41,33,54,42,31,32,45,13,20,0,0,0,15,11,24,9,53,8,8,8,8,-14,0,11,140,-1,7,-79,-76,-76,0,0,0,0,0,0,0,0,0,0,0,0,0,0,0,0,0]} 1. e4 e5 2. Nf3 Nc6 3. Nc3 Nf6 4. h3 a6 5. d4 exd4 6. Nxd4 {C47: Scotch Four Knights and Four Knights with 4 g3.} Bb4 7. Nxc6 bxc6 8. Bd3 d5 9. exd5 cxd5 10. O-O O-O {[#]} 11. Qf3 $146 ({Predecessor:} 11. Bg5 Be6 12. Ne2 h6 13. Bh4 Bd6 14. c3 c5 15. Bc2 Re8 16. Qd3 Be7 17. Nf4 {½-½ (113) Babits,A (2270)-Meszaros,T (2346) Balatonlelle 2004}) 11... c6 12. Ne2 Re8 13. Bg5 h6 14. Bxf6 Qxf6 15. Qxf6 gxf6 16. Ng3 Be6 17. Nh5 Be7 18. Rfe1 c5 19. c3 Rab8 20. b3 a5 21. Re3 a4 22. Bc2 axb3 23. axb3 Ra8 24. Rae1 Ra2 25. Bb1 Rb2 26. Nf4 Bd6 $132 {[%mdl 2048] [#] Black has counterplay} 27. Nxd5 $1 {[%mdl 576] Pin} Kg7 (27... Bxd5 28. Rxe8+) 28. Rd1 Ra8 {...Bxd5 is the strong threat.} 29. Be4 {Hoping for Nxf6!} f5 (29... Ra6 $11 {keeps the balance.}) 30. Bf3 ({White has to play} 30. Nc7 $1 $16 {[%cal Rc7e6]} fxe4 31. Nxa8) 30... Raa2 31. Nb4 (31. c4 $11) 31... cxb4 $17 32. Rxd6 bxc3 (32... f4 $17 33. Red3 Bf5) 33. Rxc3 $11 {The position is equal.} Rxf2 34. Kh2 Rfb2 35. Rb6 Ra3 36. Kg3 Raxb3 37. Rcxb3 Rxb3 38. Rxb3 Bxb3 39. Kf4 Kf6 40. h4 $1 Be6 {Av CentiPawn Loss W=-12/B=-12. Weighted=-17/-13} 1/2-1/2

[Event "73rd RUS-ch Higher League 2020"]
[Site "Sochi"]
[Date "2020.10.15"]
[Round "7.21"]
[White "Kardashevskiy, Evgeny"]
[Black "Rodchenkov, Vitaly"]
[Result "1/2-1/2"]
[WhiteElo "2449"]
[BlackElo "2321"]
[Annotator "TA"]
[PlyCount "158"]
[EventDate "2020.10.08"]
[EventType "swiss"]
[EventCountry "RUS"]
[SourceTitle "playchess.com"]
[Source "ChessBase"]
[SourceQuality "1"]

{[%evp 17,158,9,33,29,20,1,38,0,0,0,6,0,-4,2,55,32,40,27,42,-7,-15,-14,60,64,143,156,157,100,77,47,41,34,14,15,14,17,14,10,70,69,88,13,16,6,13,8,3,0,11,7,0,0,0,0,10,12,9,12,12,12,23,26,54,52,89,79,77,72,106,106,152,21,21,21,21,21,21,21,21,21,21,21,21,21,21,21,21,16,16,15,15,15,194,194,263,0,219,15,15,0,15,5,253,253,253,4,260,253,325,357,370,372,379,379,379,379,379,379,379,386,386,123,450,450,458,450,450,390,412,325,340,0,0,0,355,0,0,0,0,0,0,0,0]} 1. d4 Nf6 2. Nf3 d5 3. c4 e6 4. Nc3 c5 5. e3 Nc6 6. cxd5 Nxd5 7. Bd3 Nxc3 8. bxc3 Be7 9. O-O O-O 10. Qc2 {D42: Queen's Gambit Declined: Semi-Tarrasch: 5 cxd5 Nxd5 6 e3 Nc6 7 Bd3 .} h6 11. Qe2 {[#]} Bd7 $146 ({Predecessor:} 11... Qc7 12. Bb2 b6 13. Rac1 Bb7 14. c4 cxd4 15. exd4 Nb4 16. Bb1 Bf6 17. Ne5 Rfd8 18. f4 Nc6 19. d5 exd5 20. cxd5 Rxd5 21. Qe4 Rc5 22. Qh7+ Kf8 23. Rce1 {1-0 (23) Chekhover,V-Levenfish,G Leningrad 1934}) 12. e4 {White is slightly better.} cxd4 13. cxd4 Nb4 14. Bc4 b5 15. Bb3 Nc6 (15... a5 $11) 16. Bf4 Na5 17. Bc2 Rc8 18. d5 exd5 19. Rad1 {[%cal Ba1d1,Bd1d3,Bd3g3][%mdl 32]} Qb6 (19... Bg4 $11) 20. Ne5 $14 (20. Rxd5 Be6 $15) 20... Be8 ({Better is} 20... Qb7 $14) 21. exd5 $16 Bd6 22. Bf5 (22. Nc6 $142 $1 Rxc6 23. dxc6 Bxf4 24. Qe4 Bxh2+ 25. Kxh2 Qc7+ 26. Kg1) 22... Rd8 23. Rd3 Nc4 $1 24. Rg3 Bxe5 25. Bxe5 Nxe5 26. Qxe5 {[%csl Gg3][%cal Re5g7]} g6 27. Rd1 Rd6 (27... Qd6 $11 28. Qe3 h5) 28. h4 $14 Qd8 29. Rd4 (29. h5 $16) 29... Qf6 $11 30. Qxf6 Rxf6 31. Bg4 {Threatens to win with d6.} Rd6 $1 32. Ra3 Bd7 (32... f5 {with more complications.} 33. Be2 a6 34. Rc3 Bf7 35. Bf3 Kg7) 33. Bxd7 Rxd7 {[%mdl 4096] Endgame KRR-KRR} 34. Ra6 Rc8 35. h5 Kg7 36. hxg6 fxg6 37. Rg4 g5 38. Re4 Rc1+ 39. Kh2 Rc4 (39... Rxd5 40. Re7+ Kg8 41. Raxa7 $16) 40. Ree6 Ra4 41. Rxa4 ({Much worse is} 41. Rxh6 $6 Rxa2 42. Rhg6+ (42. Rxa2 Kxh6 43. Ra5 Rxd5 $11) (42. Rag6+ Kf8 $11) 42... Kh7 $11) 41... bxa4 $16 {KR-KR} 42. d6 Rb7 43. Re4 $1 Rd7 44. Rd4 ({Only move:} 44. Rxa4 $16 Kf6 45. Ra6) 44... Kf6 $11 45. Kg3 Ke5 46. Rxa4 Rxd6 47. Rxa7 h5 48. Ra5+ Kf6 $1 49. Ra3 Rd2 50. Ra8 Rd3+ 51. Kh2 Rd2 52. a4 Ra2 53. a5 Kg7 $1 54. f3 {next Kg3 is good for White.} h4 $2 (54... Ra4 $11 {and Black has nothing to worry.}) 55. a6 Kh7 (55... Rd2 {was called for.} 56. a7 Ra2) 56. Kg1 $2 (56. Kh3 $1 $18) 56... Kg7 $2 (56... Ra1+ $1 $11 57. Kh2 Ra2) 57. a7 $2 ({White must play} 57. Ra7+ $1 $18 Kg6 58. Ra8) 57... Kh7 58. Kf1 {And now Ke1 would win.} Kg7 59. Ke1 {Strongly threatening Kd1.} Kh7 60. Kd1 $1 Kg7 {[#]} 61. Kc1 $1 {Black must now prevent Kb1.} g4 $2 {[%mdl 8192]} (61... Ra4 $1 $11 62. Kb2 Ra5) 62. fxg4 $18 {g5 is the strong threat.} Ra6 63. Kb2 Ra5 64. Kc3 Ra1 65. Kd4 Ra2 66. Ke5 Ra1 67. Kf5 Ra5+ 68. Kf4 Ra1 69. Kg5 $2 (69. g5 $18 {is more deadly.}) 69... Ra5+ $2 {[%mdl 8192]} (69... Ra6 $16 70. Kxh4 Ra4) 70. Kxh4 Ra1 71. g5 Ra2 72. g6 Ra1 73. g4 Ra4 {[#]} 74. Kh5 $2 (74. Kh3 $1 $18) 74... Ra5+ $11 75. Kh4 Ra1 $2 {[%mdl 8192]} (75... Ra4 $11 {and Black is okay.} 76. Kg5 Ra5+ 77. Kf4 Ra4+ 78. Ke3 Ra1) 76. Rb8 $2 (76. Kg5 $18) 76... Rxa7 {The position is equal.} 77. Rb6 Ra5 78. Rc6 Rb5 79. g5 Rb1 {Blacks defense is rewarded with a draw. Av CentiPawn Loss W=-32/B=-32. Weighted=-45/-50} 1/2-1/2